header

Samuel Johnson (Record no. 39527)

MARC details
000 -LEADER
fixed length control field 01699nam a2200361 a 4500
082 04 - DEWEY DECIMAL CLASSIFICATION NUMBER
Classification number 012
100 1# - MAIN ENTRY--AUTHOR NAME
Personal name Clifford, James L.
245 10 - TITLE STATEMENT
Title Samuel Johnson
260 ## - PUBLICATION, DISTRIBUTION, ETC. (IMPRINT)
Place of publication Minneapolis :
Name of publisher University of Minnesota Press,
Year of publication [1970]
300 ## - PHYSICAL DESCRIPTION
Number of Pages xvi, 333 p.
500 ## - GENERAL NOTE
General note Based on the author's Johnsonian studies, 1887-1950, and A bibliography of Johnsonian studies, 1950-1960, with additions and corrections, 1887-1950, prepared together with D. J. Greene.
505 0# - FORMATTED CONTENTS NOTE
Formatted contents note pt. 1. General bibliography -- pt. 2. Bibliography of individual works.
700 1# - ADDED ENTRY--PERSONAL NAME
Personal name Greene, Donald Johnson.
856 40 - ELECTRONIC LOCATION AND ACCESS
Uniform Resource Identifier http://site.ebrary.com/lib/rucke/Doc?id=10231129

No items available.

© 2026 Rongo University
Contact us: librarian | system librarian | Rongo university